Strzelcy bramek w 13 kolejce Bundesligi w sezonie 2020/21. - Statystyki

Ogólne statystyki
  • Ten quiz został rozwiązany 10 razy
  • Średni wynik to 5 z 19
Statystyki odpowiedzi
Mecz Piłkarz % Poprawnych
Leverkusen - Bayern 1:1 Lewandowski
100%
Leverkusen - Bayern 1:2 Lewandowski
100%
Monchengladbach - Hoffenheim 1:1 Kramaric
50%
Leverkusen - Bayern 1:0 Schick
50%
Monchengladbach - Hoffenheim 1:0 Stindl
40%
Wolfsburg - Stuttgart 1:0 Brekalo
30%
Union Berlin - Dortmund 1:1 Moukoko
30%
Augsburg - Frankfurt 0:1 (bramka samobójcza) Framberger
20%
Freiburg - Hertha 1:0 Grifo
20%
Freiburg - Hertha 4:1 Petersen
20%
Mainz - Werder Brema 0:1 Dinkci
10%
Union Berlin - Dortmund 2:1 Friedrich
10%
Augsburg - Frankfurt 0:2 Ilsanker
10%
Schalke - Bielefeld 0:1 Klos
10%
Freiburg - Hertha 1:1 Lukebakio
10%
Monchengladbach - Hoffenheim 1:2 Sessegnon
10%
Union Berlin - Dortmund 1:0 Awoniyi
0%
Freiburg - Hertha 2:1 Demirovic
0%
Freiburg - Hertha 3:1 Gulde
0%
Nie znaleziono quizów pasujących do podanych kryteriów
Rozkład punktacji
Procent ludzi z każdym wynikiem
Percentyl według liczby udzielonych odpowiedzi
Twoja historia wyników
Nie rozwiązałeś tego quizu